000 00346nam a2200145Ia 4500
008 200103s9999||||xx |||||||||||||| ||und||
040 _aIMU-MPC
082 _aColumn-48
100 _aPrasad, I. B.
245 0 _aTextbook of Strength of Materials
250 _a7th Ed.
260 _bKhanna Publishers, Delhi
_c1984
300 _a960
942 _cBK
999 _c9621
_d9621